[Event "GER T248-E00-S email"]
[Site "GER email"]
[Date "2016.11.24"]
[Round "?"]
[White "Drosson, Franz"]
[Black "Hoexter, Heinrich"]
[Result "1/2-1/2"]
[WhiteElo "1976"]
[BlackElo "2048"]
[PlyCount "50"]
[EventDate "2016.11.28"]
[EventType "tourn (corr)"]
[EventRounds "8"]
[EventCountry "GER"]
[SourceTitle "Corr 2020"]
[Source "ChessBase"]
[SourceDate "2019.09.30"]
[SourceVersion "1"]
[SourceVersionDate "2019.09.30"]
[SourceQuality "1"]

1. d4 Nf6 2. c4 e6 3. g3 d5 4. Nf3 dxc4 5. Bg2 Nc6 6. Qa4 Bb4+ 7. Bd2 Nd5 8. Bxb4 Ndxb4 9. Nc3 Bd7 10. 0-0 a5 11. Qd1 0-0 12. e3 a4 13. Qe2 Na5 14. Ne5 Nd5 15. Nxd5 exd5 16. Bxd5 Bh3 17. Qf3 Bxf1 18. Bxf7+ Kh8 19. Rxf1 Nc6 20. Nxc6 bxc6 21. Qh5 Rb8 22. Bxc4 Rxb2 23. Bd3 g6 24. Bxg6 Qe7 25. a3 Rb5 1/2-1/2

[Event "GER T248-E00-S email"]
[Site "GER email"]
[Date "2016.11.24"]
[Round "?"]
[White "Drosson, Franz"]
[Black "Krammel, Josef"]
[Result "1/2-1/2"]
[WhiteElo "1976"]
[BlackElo "1638"]
[PlyCount "83"]
[EventDate "2016.11.28"]
[EventType "tourn (corr)"]
[EventRounds "8"]
[EventCountry "GER"]
[SourceTitle "Corr 2020"]
[Source "ChessBase"]
[SourceDate "2019.09.30"]
[SourceVersion "1"]
[SourceVersionDate "2019.09.30"]
[SourceQuality "1"]

1. d4 Nf6 2. c4 e6 3. g3 d5 4. Nf3 dxc4 5. Qa4+ Nbd7 6. Qxc4 a6 7. Bg2 b5 8. Qc6 Rb8 9. Bf4 Bb4+ 10. Nbd2 Bb7 11. Qc2 Nd5 12. 0-0 Nxf4 13. gxf4 c5 14. dxc5 Bxc5 15. Ne5 Rc8 16. Qd3 Bxg2 17. Kxg2 Nxe5 18. fxe5 Qg5+ 19. Kh1 Qxe5 20. a4 0-0 21. axb5 Rfd8 22. Nf3 Qb8 23. Qb3 axb5 24. Kg2 h6 25. Rfd1 Rxd1 26. Qxd1 Qb7 27. Qd3 Be7 28. e4 Rc5 29. Re1 Qc6 30. h3 b4 31. Qb3 g6 32. Re2 Kg7 33. Qd3 Bf6 34. Qd1 e5 35. Qb3 Rc4 36. Qd3 h5 37. Kg3 Rc5 38. Kg2 Kf8 39. Qd2 Qb5 40. Re3 Kg7 41. Qd1 Qa6 42. Qd2 1/2-1/2

[Event "GER T248-E00-S email"]
[Site "GER email"]
[Date "2016.11.24"]
[Round "?"]
[White "Drosson, Franz"]
[Black "Richter, Wolfgang"]
[Result "1/2-1/2"]
[WhiteElo "1976"]
[BlackElo "2057"]
[PlyCount "84"]
[EventDate "2016.11.28"]
[EventType "tourn (corr)"]
[EventRounds "8"]
[EventCountry "GER"]
[SourceTitle "Corr 2020"]
[Source "ChessBase"]
[SourceDate "2019.09.30"]
[SourceVersion "1"]
[SourceVersionDate "2019.09.30"]
[SourceQuality "1"]

1. d4 Nf6 2. c4 e6 3. g3 d5 4. Nf3 dxc4 5. Qa4+ Nbd7 6. Bg2 a6 7. Nc3 c5 8. 0-0 Rb8 9. dxc5 Bxc5 10. Qxc4 b5 11. Qd3 Bb7 12. Bf4 Rc8 13. Rad1 Bb4 14. Rc1 0-0 15. a3 Bc5 16. b4 Be7 17. Rfd1 Nb6 18. Qxd8 Rfxd8 19. Nd2 Bxg2 20. Kxg2 h6 21. e4 Rd3 22. Ncb1 Re8 23. h3 Na4 24. Re1 Ra8 25. Re3 Rdd8 26. Rc7 Kf8 27. Rf3 Ne8 28. Rb7 Nf6 29. Rc7 g5 30. Be5 Ne8 31. Rc6 Kg8 32. Ba1 Bf8 33. e5 Ng7 34. Nb3 Nf5 35. N1d2 Bg7 36. Ne4 Rd1 37. Nd6 Nxd6 38. exd6 Bxa1 39. Nxa1 Rxa1 40. d7 Nb6 41. Rxb6 Rd1 42. Rb7 Rd8 1/2-1/2

[Event "GER T248-E00-S email"]
[Site "GER email"]
[Date "2016.11.24"]
[Round "?"]
[White "Hoexter, Heinrich"]
[Black "Drosson, Franz"]
[Result "1-0"]
[WhiteElo "2048"]
[BlackElo "1976"]
[PlyCount "93"]
[EventDate "2016.11.28"]
[EventType "tourn (corr)"]
[EventRounds "8"]
[EventCountry "GER"]
[SourceTitle "Corr 2020"]
[Source "ChessBase"]
[SourceDate "2019.09.30"]
[SourceVersion "1"]
[SourceVersionDate "2019.09.30"]
[SourceQuality "1"]

1. d4 Nf6 2. c4 e6 3. g3 d5 4. Nf3 c6 5. Bg2 Nbd7 6. 0-0 Be7 7. b3 0-0 8. Nbd2 b6 9. Re1 Bb7 10. Bb2 Ne4 11. Nxe4 dxe4 12. Ne5 f5 13. Nxd7 Qxd7 14. e3 a5 15. a3 Qc7 16. f3 exf3 17. Qxf3 Rf7 18. Qe2 Raf8 19. Rad1 Bd6 20. a4 Bb4 21. Rf1 Qe7 22. Rf2 Re8 23. Qc2 Ref8 24. Bc3 Ba3 25. Ra1 Bd6 26. e4 h5 27. e5 Bb8 28. Qe2 h4 29. Qh5 Re8 30. Qg6 c5 31. Rf4 hxg3 32. hxg3 Bxg2 33. Kxg2 Qb7+ 34. Kf2 cxd4 35. Bb2 Bxe5 36. Rh4 Qb8 37. Rah1 Bxg3+ 38. Qxg3 Qxg3+ 39. Kxg3 Rfe7 40. Bxd4 Kf7 41. Be5 Rd7 42. Rh7 Rg8 43. Rg1 Kg6 44. Rh2 Kf7 45. Kf4 Ke8 46. Rh6 Ke7 47. Bxg7 1-0

[Event "GER-ch 2014-C-V8 serv"]
[Site "GER email"]
[Date "2014.07.08"]
[Round "?"]
[White "Langheld, Werner"]
[Black "Drosson, Franz"]
[Result "1/2-1/2"]
[WhiteElo "1998"]
[BlackElo "1937"]
[PlyCount "79"]
[EventDate "2014.07.10"]
[EventType "tourn (corr)"]
[EventRounds "6"]
[EventCountry "GER"]
[SourceTitle "Corr 2020"]
[Source "ChessBase"]
[SourceDate "2019.09.30"]
[SourceVersion "1"]
[SourceVersionDate "2019.09.30"]
[SourceQuality "1"]

1. f4 d5 2. Nf3 g6 3. g3 Bg7 4. Bg2 c5 5. 0-0 Nf6 6. d3 0-0 7. Nc3 d4 8. Na4 Na6 9. c4 Rb8 10. Bd2 Qd6 11. Rb1 Bd7 12. b3 Ng4 13. a3 b6 14. Nb2 Bc6 15. Qc1 Rbe8 16. Nd1 f5 17. Nf2 Nb8 18. b4 Nd7 19. Nxg4 fxg4 20. Nh4 e5 21. Qc2 exf4 22. Bxf4 Qe6 23. Rf2 Be5 24. Bxc6 Qxc6 25. Ng2 h6 26. Bxh6 Rxf2 27. Kxf2 Qf6+ 28. Kg1 g5 29. Qa4 Re7 30. Bxg5 Qxg5 31. Qxa7 Rf7 32. Qa8+ Kg7 33. Rf1 Rxf1+ 34. Kxf1 Qf6+ 35. Kg1 Qe6 36. Qe4 Kf6 37. Nh4 Nf8 38. bxc5 bxc5 39. a4 Bc7 40. Qb7 1/2-1/2

[Event "GER T187-A01-S email"]
[Site "GER email"]
[Date "2013.12.31"]
[Round "?"]
[White "Bendig, Frank"]
[Black "Drosson, Franz"]
[Result "1/2-1/2"]
[WhiteElo "2049"]
[BlackElo "1935"]
[PlyCount "76"]
[EventDate "2014.01.13"]
[EventType "tourn (corr)"]
[EventRounds "6"]
[EventCountry "GER"]
[SourceTitle "Corr 2015"]
[Source "ChessBase"]
[SourceDate "2015.07.17"]
[SourceVersion "1"]
[SourceVersionDate "2015.07.17"]
[SourceQuality "1"]
[WhiteTeam "Germany"]
[WhiteTeamCountry "GER"]

1. b3 e5 2. Bb2 Nc6 3. g3 Nf6 4. Bg2 Bc5 5. c4 0-0 6. Nc3 d6 7. Nf3 Re8 8. d3 h6 9. a3 Nd4 10. Nxd4 Bxd4 11. e3 Bb6 12. Na4 c6 13. Nxb6 Qxb6 14. Qc2 Bf5 15. 0-0 Bg6 16. b4 a5 17. Bc3 e4 18. d4 axb4 19. axb4 d5 20. Ra5 Bf5 21. Rfa1 Rxa5 22. bxa5 Qc7 23. Be1 Rc8 24. cxd5 cxd5 25. Qxc7 Rxc7 26. Rb1 Kh7 27. h3 Bc8 28. Bf1 Rc2 29. Kg2 Kg6 30. Bb5 Ra2 31. Bc3 h5 32. Rb2 Rxb2 33. Bxb2 Nh7 34. Be2 Ng5 35. h4 Nh7 36. Ba3 Bg4 37. a6 bxa6 38. Bxa6 Nf6 1/2-1/2

[Event "GER T187-A01-S email"]
[Site "GER email"]
[Date "2013.12.31"]
[Round "?"]
[White "Schoenberger, Kay"]
[Black "Drosson, Franz"]
[Result "1/2-1/2"]
[WhiteElo "2008"]
[BlackElo "1935"]
[PlyCount "84"]
[EventDate "2014.01.13"]
[EventType "tourn (corr)"]
[EventRounds "6"]
[EventCountry "GER"]
[SourceTitle "Corr 2015"]
[Source "ChessBase"]
[SourceDate "2015.07.17"]
[SourceVersion "1"]
[SourceVersionDate "2015.07.17"]
[SourceQuality "1"]

1. b3 e5 2. Bb2 Nc6 3. c4 Nf6 4. e3 d5 5. cxd5 Nxd5 6. a3 Bd6 7. d3 0-0 8. Nf3 Qe7 9. Nbd2 f5 10. Be2 e4 11. dxe4 fxe4 12. Bc4 Be6 13. Nxe4 Nxe3 14. fxe3 Bxc4 15. bxc4 Qxe4 16. Qd5+ Qxd5 17. cxd5 Na5 18. Ke2 Rae8 19. Rhd1 Nc4 20. Bd4 Nxa3 21. Kd3 a6 22. Bb2 Nb5 23. e4 Rf4 24. Re1 Bc5 25. Rec1 Bb6 26. Ra4 Nd6 27. Re1 Bc5 28. Ng5 Rg4 29. Ne6 Rxg2 30. Re2 Rxe2 31. Kxe2 Bb6 32. Kd3 g6 33. Be5 Nb5 34. Ra1 c6 35. h4 Bc5 36. h5 Bd6 37. Bb2 cxd5 38. exd5 Nc7 39. Nxc7 Bxc7 40. hxg6 hxg6 41. Rh1 Kf8 42. Ba3+ Kg8 1/2-1/2

[Event "GER-ch 2013-F-V6 serv"]
[Site "GER email"]
[Date "2013.12.23"]
[Round "?"]
[White "Koch, Hans Georg"]
[Black "Drosson, Franz"]
[Result "1-0"]
[WhiteElo "2076"]
[BlackElo "1935"]
[PlyCount "55"]
[EventDate "2013.12.31"]
[EventType "tourn (corr)"]
[EventRounds "6"]
[EventCountry "GER"]
[SourceTitle "Corr 2015"]
[Source "ChessBase"]
[SourceDate "2015.07.17"]
[SourceVersion "1"]
[SourceVersionDate "2015.07.17"]
[SourceQuality "1"]

1. e4 e5 2. Nf3 Nc6 3. Bb5 a6 4. Ba4 Nf6 5. 0-0 b5 6. Bb3 Be7 7. Re1 0-0 8. c3 d5 9. d4 exd4 10. e5 Ne4 11. cxd4 Na5 12. Bc2 f5 13. exf6 Bxf6 14. Nc3 Bb7 15. a4 b4 16. Nxd5 Bxd5 17. Rxe4 b3 18. Bd3 c5 19. Rf4 c4 20. Bf1 Qc7 21. Be3 Rfb8 22. Rc1 Rb4 23. Ne5 Rd8 24. Qg4 Kh8 25. Qh5 Qd6 26. g3 Rb7 27. Bd2 Nc6 28. Nxc4 1-0

[Event "GER-ch 2013-C-V4 serv"]
[Site "GER email"]
[Date "2013.06.17"]
[Round "?"]
[White "Draeger, Wolfgang"]
[Black "Drosson, Franz"]
[Result "1-0"]
[WhiteElo "2117"]
[BlackElo "1927"]
[PlyCount "65"]
[EventDate "2013.06.20"]
[EventType "tourn (corr)"]
[EventRounds "6"]
[EventCountry "GER"]
[SourceTitle "Corr 2015"]
[Source "ChessBase"]
[SourceDate "2015.07.17"]
[SourceVersion "1"]
[SourceVersionDate "2015.07.17"]
[SourceQuality "1"]

1. d4 d5 2. c4 e6 3. Nc3 Nf6 4. cxd5 exd5 5. Bg5 Nbd7 6. e3 c6 7. Bd3 Be7 8. Qc2 h6 9. Bh4 0-0 10. Nge2 Re8 11. 0-0 Nf8 12. f3 Ne6 13. Rad1 Qc7 14. Bg3 Bd6 15. Bxd6 Qxd6 16. Ng3 Bd7 17. Qf2 Ng5 18. h4 Ne6 19. Bb1 Qb4 20. e4 Nf4 21. e5 N6h5 22. Nxh5 Nxh5 23. Qc2 f5 24. g4 Ng3 25. Rf2 Qe7 26. Rh2 Be6 27. Kg2 f4 28. Qh7+ Kf8 29. Bg6 Bg8 30. Qh8 Qd7 31. Kg1 Qe7 32. g5 hxg5 33. h5 1-0

[Event "GER-ch 2013-C-V4 serv"]
[Site "GER email"]
[Date "2013.06.17"]
[Round "?"]
[White "Drosson, Franz"]
[Black "Reichenbach, Erhard"]
[Result "1-0"]
[WhiteElo "1927"]
[BlackElo "2205"]
[PlyCount "69"]
[EventDate "2013.06.20"]
[EventType "tourn (corr)"]
[EventRounds "6"]
[EventCountry "GER"]
[SourceTitle "Corr 2015"]
[Source "ChessBase"]
[SourceDate "2015.07.17"]
[SourceVersion "1"]
[SourceVersionDate "2015.07.17"]
[SourceQuality "1"]

1. e4 c5 2. Nf3 d6 3. d4 cxd4 4. Nxd4 Nf6 5. Nc3 Nc6 6. Be2 g6 7. 0-0 Bg7 8. Be3 0-0 9. Nb3 a6 10. f4 b5 11. Bf3 Bb7 12. e5 dxe5 13. fxe5 Nd7 14. e6 fxe6 15. Bg4 Rxf1+ 16. Qxf1 Nf8 17. Rd1 Qb8 18. Nc5 Ne5 19. Be2 Bc6 20. b3 Qc7 21. a4 Qa5 22. Na2 bxa4 23. b4 Qb6 24. Qf2 Rd8 25. Nxe6 Rxd1+ 26. Bxd1 Qb8 27. Nxg7 Kxg7 28. Bf4 Ne6 29. Bg3 Qd6 30. Be2 Nd4 31. Bxa6 Ndf3+ 32. Kh1 Qd1+ 33. Bf1 Qa1 34. c4 Be4 35. h3 1-0

[Event "GER-ch 2013-C-V4 serv"]
[Site "GER email"]
[Date "2013.06.17"]
[Round "?"]
[White "Warzecha, Helmut"]
[Black "Drosson, Franz"]
[Result "1/2-1/2"]
[WhiteElo "1969"]
[BlackElo "1927"]
[PlyCount "103"]
[EventDate "2013.06.20"]
[EventType "tourn (corr)"]
[EventRounds "6"]
[EventCountry "GER"]
[SourceTitle "Corr 2015"]
[Source "ChessBase"]
[SourceDate "2015.07.17"]
[SourceVersion "1"]
[SourceVersionDate "2015.07.17"]
[SourceQuality "1"]

1. e4 e5 2. Nf3 Nc6 3. d4 exd4 4. Nxd4 Bc5 5. Be3 Qf6 6. c3 Nge7 7. g3 d5 8. Bg2 dxe4 9. Nb5 Bxe3 10. Nxc7+ Kf8 11. fxe3 Rb8 12. Nd5 Qg5 13. Nf4 Qc5 14. 0-0 Qxe3+ 15. Rf2 Bf5 16. Nd2 g5 17. Nh5 Rd8 18. Qe1 Qb6 19. Nc4 Qc5 20. Qe3 Qxe3 21. Nxe3 Bg6 22. Nf6 Kg7 23. Raf1 Ne5 24. Bxe4 Nd3 25. Re2 Rd6 26. Neg4 h5 27. Bxg6 Nxg6 28. Ne4 Rb6 29. Ne3 Nge5 30. Nf5+ Kh7 31. Nxg5+ Kg6 32. Nh3 Rxb2 33. Nf4+ Kg5 34. h4+ Kf6 35. Rxb2 Nxb2 36. Ne3 Kg7 37. Rb1 Ned3 38. Nxd3 Nxd3 39. Rxb7 Re8 40. Nf5+ Kf6 41. Nd4 Rc8 42. Rxa7 Rxc3 43. Ra5 Rc4 44. Ne2 Rc2 45. Kf1 Rd2 46. Nd4 Nb4 47. Rf5+ Kg6 48. Rg5+ Kf6 49. a3 Rxd4 50. axb4 Rxb4 51. Rxh5 Rb2 52. Rg5 1/2-1/2

[Event "GER-ch 2012-D-V8 serv"]
[Site "GER email"]
[Date "2012.07.23"]
[Round "?"]
[White "Drosson, Franz"]
[Black "Koch, Hans Georg"]
[Result "1/2-1/2"]
[WhiteElo "1959"]
[BlackElo "2142"]
[PlyCount "72"]
[EventDate "2012.08.13"]
[EventType "tourn (corr)"]
[EventRounds "6"]
[EventCountry "GER"]
[SourceTitle "Corr 2015"]
[Source "ChessBase"]
[SourceDate "2015.07.17"]
[SourceVersion "1"]
[SourceVersionDate "2015.07.17"]
[SourceQuality "1"]

1. e4 c5 2. Nf3 e6 3. d4 cxd4 4. Nxd4 a6 5. Bd3 Bc5 6. Nb3 Be7 7. Qg4 g6 8. Qe2 d6 9. Be3 Qc7 10. 0-0 Nd7 11. f4 Ngf6 12. c4 b6 13. Nc3 0-0 14. Rac1 Bb7 15. Nd2 Rac8 16. b4 Rfe8 17. Nb3 Qd8 18. a3 Bf8 19. h3 a5 20. Rfd1 axb4 21. axb4 Qe7 22. Nd2 d5 23. e5 Nh5 24. cxd5 exd5 25. Bb5 Bh6 26. Nf1 Bxf4 27. Bxf4 Nxf4 28. Qf2 Nxh3+ 29. gxh3 d4 30. e6 Qxe6 31. Rxd4 Ne5 32. Nh2 Red8 33. Bf1 Qe7 34. h4 Rxd4 35. Qxd4 Rd8 36. Qf4 Nd3 1/2-1/2

[Event "GER-ch 2012-D-V8 serv"]
[Site "GER email"]
[Date "2012.07.23"]
[Round "?"]
[White "Traut, Gerhard"]
[Black "Drosson, Franz"]
[Result "1-0"]
[WhiteElo "1926"]
[BlackElo "1959"]
[PlyCount "93"]
[EventDate "2012.08.13"]
[EventType "tourn (corr)"]
[EventRounds "6"]
[EventCountry "GER"]
[SourceTitle "Corr 2015"]
[Source "ChessBase"]
[SourceDate "2015.07.17"]
[SourceVersion "1"]
[SourceVersionDate "2015.07.17"]
[SourceQuality "1"]

1. e4 e5 2. Nf3 Nc6 3. Bb5 a6 4. Ba4 Nf6 5. 0-0 Be7 6. Re1 b5 7. Bb3 0-0 8. c3 d5 9. exd5 Nxd5 10. Nxe5 Nxe5 11. Rxe5 c6 12. d4 Bd6 13. Re1 Qh4 14. g3 Qh3 15. Qe2 Bg4 16. Qf1 Qh5 17. Nd2 Rae8 18. f3 Bh3 19. Qf2 f5 20. Rxe8 Rxe8 21. Nf1 f4 22. Bxf4 Bxf4 23. gxf4 Bxf1 24. Rxf1 Kf8 25. Bxd5 Qxd5 26. a3 Qf5 27. Qd2 Qg6+ 28. Kh1 Qf5 29. Rg1 Re7 30. Rg5 Qb1+ 31. Kg2 Re1 32. Kh3 Re6 33. Re5 Rh6+ 34. Kg3 Rg6+ 35. Rg5 Rf6 36. Qe3 Kg8 37. b4 h6 38. Rg4 Qh1 39. Qe8+ Rf8 40. Qe4 Qg1+ 41. Kh3 Qc1 42. f5 Qf1+ 43. Rg2 Rf6 44. d5 cxd5 45. Qxd5+ Rf7 46. Qa8+ Rf8 47. Qb7 1-0

[Event "GER-ch68 V09 email"]
[Site "GER email"]
[Date "2012.01.28"]
[Round "?"]
[White "Koestner, Wolfgang"]
[Black "Drosson, Franz"]
[Result "1/2-1/2"]
[WhiteElo "1910"]
[BlackElo "1996"]
[PlyCount "90"]
[EventDate "2012.02.13"]
[EventType "tourn (corr)"]
[EventRounds "6"]
[EventCountry "GER"]
[SourceTitle "Corr 2015"]
[Source "ChessBase"]
[SourceDate "2015.07.17"]
[SourceVersion "1"]
[SourceVersionDate "2015.07.17"]
[SourceQuality "1"]
[WhiteTeam "Germany"]
[BlackTeam "Germany"]
[WhiteTeamCountry "GER"]
[BlackTeamCountry "GER"]

1. c4 Nf6 2. Nc3 e6 3. d4 d5 4. Nf3 Nbd7 5. Bg5 c6 6. e3 Qa5 7. Nd2 Bb4 8. Qc2 0-0 9. a3 Ne4 10. Ncxe4 dxe4 11. Bh4 e5 12. Rd1 Bxd2+ 13. Qxd2 Qxd2+ 14. Kxd2 exd4 15. exd4 Re8 16. Re1 Nf8 17. f3 Bf5 18. g4 Bg6 19. f4 f5 20. h3 Ne6 21. Ke3 c5 22. d5 Nd4 23. Rc1 Nf3 24. Bf2 a5 25. Be2 h5 26. g5 Nd4 27. Bd1 Red8 28. a4 Rd6 29. Be1 Rb6 30. Rh2 Be8 31. Ra1 Nb3 32. Ra3 Nc1 33. Bc3 Nd3 34. h4 g6 35. Ra1 Bd7 36. Rd2 Kf7 37. Be2 Nb4 38. Be5 Kg8 39. Bc7 Rba6 40. b3 Re8 41. Rad1 Bc8 42. Be5 Kf7 43. Bf1 b6 44. Bf6 Ra7 45. Rb2 Rd7 1/2-1/2

[Event "GER rap6 FSM/V05 email"]
[Site "GER email"]
[Date "2011.12.19"]
[Round "?"]
[White "Drosson, Franz"]
[Black "Hinz, Horst"]
[Result "1/2-1/2"]
[WhiteElo "1987"]
[BlackElo "2146"]
[PlyCount "64"]
[EventDate "2011.12.28"]
[EventType "tourn (corr)"]
[EventRounds "4"]
[EventCountry "GER"]
[SourceTitle "Corr 2015"]
[Source "ChessBase"]
[SourceDate "2015.07.17"]
[SourceVersion "1"]
[SourceVersionDate "2015.07.17"]
[SourceQuality "1"]
[WhiteTeam "Germany"]
[BlackTeam "Germany"]
[WhiteTeamCountry "GER"]
[BlackTeamCountry "GER"]

1. e4 e5 2. Nf3 Nc6 3. Bb5 Nd4 4. Nxd4 exd4 5. 0-0 c6 6. Ba4 Bc5 7. d3 d6 8. a3 Nf6 9. b4 Bb6 10. Bg5 h6 11. Bh4 g5 12. Bg3 h5 13. Bb3 h4 14. Bxd6 Qxd6 15. e5 Qd8 16. exf6 Qxf6 17. Nd2 Bc7 18. Qf3 Qg6 19. Rae1+ Kf8 20. Qe4 Qf6 21. Nf3 Kg7 22. Qxd4 Rd8 23. Qc5 Bf5 24. Nxg5 Qxg5 25. Re7 Bf4 26. Rxf7+ Kg6 27. Rxb7 Rd6 28. Re1 Kh6 29. Ree7 Rf6 30. h3 a6 31. Bc4 Bg6 32. Qxg5+ Kxg5 1/2-1/2

[Event "GER rap6 FSM/V05 email"]
[Site "GER email"]
[Date "2011.12.19"]
[Round "?"]
[White "Willert Betker, Sabine"]
[Black "Drosson, Franz"]
[Result "0-1"]
[WhiteElo "2111"]
[BlackElo "1987"]
[PlyCount "88"]
[EventDate "2011.12.28"]
[EventType "tourn (corr)"]
[EventRounds "4"]
[EventCountry "GER"]
[SourceTitle "Corr 2015"]
[Source "ChessBase"]
[SourceDate "2015.07.17"]
[SourceVersion "1"]
[SourceVersionDate "2015.07.17"]
[SourceQuality "1"]
[WhiteTeam "Germany"]
[BlackTeam "Germany"]
[WhiteTeamCountry "GER"]
[BlackTeamCountry "GER"]

1. d4 d5 2. c4 e6 3. Nc3 Nf6 4. cxd5 exd5 5. Bg5 c6 6. e3 Be7 7. Bd3 Nbd7 8. h3 0-0 9. Qc2 Re8 10. Nf3 Nf8 11. Bf4 Bd6 12. Bxd6 Qxd6 13. 0-0 Qe7 14. a3 Ne4 15. b4 Nxc3 16. Qxc3 Qf6 17. Ne5 Qg5 18. Qd2 a6 19. Qc2 f6 20. Nf3 Qh5 21. Qd1 Bd7 22. a4 Ng6 23. Be2 Qf5 24. Rc1 Ne7 25. Ne5 fxe5 26. Bg4 Qf6 27. Bxd7 Rf8 28. dxe5 Qxe5 29. Bg4 Ng6 30. b5 axb5 31. axb5 Qd6 32. e4 Ne5 33. Be2 Rf4 34. exd5 cxd5 35. Qc2 Qe6 36. Qc7 Rf7 37. Qc5 Raf8 38. Rce1 b6 39. Qd4 Qd6 40. Rd1 Rd8 41. f4 Ng6 42. g4 Nxf4 43. Bf3 Ne2+ 44. Bxe2 Qg3+ 0-1